|
|
|
|
| LEADER |
01228cas a2200361 a 4500 |
| 001 |
c000182262 |
| 003 |
CARM |
| 005 |
20060504192102.0 |
| 008 |
770311d18991914gw qr 0 b0eng |
| 010 |
|
|
|a 54053117 /MN/r832
|
| 019 |
1 |
|
|a 891832
|5 LACONCORD2021
|
| 022 |
|
|
|a 1612-0124
|
| 035 |
|
|
|a (OCoLC)1772498
|5 LACONCORD2021
|
| 040 |
|
|
|a LC
|b eng
|c LC
|d LC
|
| 041 |
0 |
|
|a eng
|h freger
|
| 042 |
|
|
|a lc
|
| 050 |
0 |
0 |
|a ML5
|b .I66
|
| 082 |
0 |
4 |
|a 016.78
|2 19
|
| 082 |
0 |
4 |
|a 016.78
|2 19
|
| 245 |
0 |
0 |
|a Sammelbände der Internationalen Musikgesellschaft.
|
| 260 |
|
|
|a Leipzig, :
|b Breitkopf & Härtel.
|
| 300 |
|
|
|a 15 v. :
|b music ;
|c 23 cm.
|
| 310 |
|
|
|a Quarterly
|
| 362 |
0 |
|
|a 1.-15. Jahrg.; Okt. 1899-Juli/Sept. 1914.
|
| 546 |
|
|
|a In English, French, or German.
|
| 650 |
|
0 |
|a Music
|x Societies, etc.
|
| 710 |
2 |
|
|a International Musical Society.
|
| 785 |
0 |
0 |
|t Archiv für Musikwissenschaft
|w (DLC) 540415065
|w (OCoLC)1481987
|
| 852 |
8 |
|
|b CARM
|h A2:AL37G0
|i C06431
|p 0249288
|f SE
|
| 866 |
|
0 |
|a 3(1901/02)
|
| 866 |
|
0 |
|a 3(1901/02)
|
| 999 |
f |
f |
|i 0f72ca8d-8fac-5d19-99bf-dbfa16be9ff6
|s ff9b5903-53b8-5f0a-9955-56ce2d3999f3
|
| 952 |
f |
f |
|p Can circulate
|a CAVAL
|b CAVAL
|c CAVAL
|d CARM 1 Store
|e C06431
|f A2:AL37G0
|h Other scheme
|i book
|k 3(1901/02)
|m 0249288
|